000 00216 a2200097 4500
001 11191
100 _aOgden, C. K.
245 _aAncient India & India Civil
260 _a
_bRoutledge & Kegan
_c
090 _c8744
_d8744
942 _aNUST-CAE
_c
_c35538
999 _c246264
_d246264